01701agaaa2200289 45000010005000000030009000050050017000140070009000310080040000400400023000800410013001031000052001161300066001682450179002342500022004132600128004353000033005635200306005965380016009025460013009186500077009317000064010087000069010729420012011419990019011539520239011721856IT-RoPAU20220918181300.0d cvaizq50131s9999||||xx ||| | || ||und|| aIT-RoPAUcIT-RoPAU aITALIANO aHeat RobertgCodice regista SPICS: 34960952917 aCREAZIONE DI UN CAPOLAVORO (LA): WALT DISNEY, FANTASIA952918 aCREAZIONE DI UN CAPOLAVORO (LA): WALT DISNEY, FANTASIAcDiretto da: Heat RobertpCREAZIONE DI UN CAPOLAVORO (LA): WALT DISNEY, FANTASIA (Rif. Codice opera principale : A1856) aEdizione Standard aMILANO (ITALIA)bWALT DISNEY COMPANY / Distribuzione: WALT DISNEY HOME VIDg"1991 (1° ed.: 1991 ; Ed. Lingua Orig.: 1991)" aVHSbsonoro, col.c38 minuti aSEGRETI DIETRO LE QUINTE DI FANTASIA. BRANI ED INTERVISTE INEDITI. TESTIMONIANZE DI ANIMATORI E TECNICI CHE LAVORARONO SUL PROGETTO CON I PARERI DI ILLUSTRI STUDIOSI CRITICI E GIORNALISTI. TUTTI I PIU' INTERESSANTI E DIVERTENTI SEGRETI DEL GRANDE CAPOLAVORO CHE HA FATTO DELL'ANIMAZIONE UNA VERA ARTE. aPAL, STEREO aITALIANO aSTUDI SU FILMeSTUDI SUL CINEMA [VHS]xCodice MATERIA SPICS: 9959952919 aHeat Robert e(regista)gCodice regista SPICS: 34960952920 aMaltin Leonard e(soggetto)gCodice Soggetto SPICS: 34961952921 cVH2ddc c107632d107632 0010406A_1856_00000000000000071aSPICSbSPICSd2015-01-31l0oA1856r2015-01-31 00:00:00w2015-01-31yVHzProgr. Ins.: 28 / N.Vol.:1 / Copie: 1 / Pag.:0 / Copia rara: n.d. / date import: 1.2.2015 / By Epidotti, Trombetti, Vaglietti